Η σημαία σκίστηκε - βρείτε σε ποια χώρα ανήκει #1 - Statistics

General Stats
  • This quiz has been taken 269 times
  • The average score is 12 of 16
Answer Stats
Picture Answer % Correct
Καναδάς
98%
Ελλάδα
96%
Τουρκία
95%
Βέλγιο
92%
Ηνωμένες Πολιτείες
87%
Ισραήλ
85%
Ουρουγουάη
78%
Νότια Αφρική
74%
Κατάρ
73%
Σερβία
73%
Κούβα
71%
Σουηδία
66%
Βενεζουέλα
64%
Μάλτα
43%
Ουγκάντα
37%
Παπούα-Νέα Γουινέα
34%
No matching quizzes found
Score Distribution
Percent of People with Each Score
Percentile by Number Answered
Your Score History
You have not taken this quiz